1269 1717 1692 1751 1714 1442 1584 1417 1863 1651 1233 1944 1031 1476 1368 1155 1679 1871 1051 1424 1613 1752 1399 1150 1564 1774 1810 1438 1999 1369 1801 1003 1397 1850 1495 1214 1140 1306 1135 1802 1258 1496 1293 1910 1848 1658 1804 1127 1536 1650 1251 1139 1830 1932 1903 1663 1308 1228 1092 1894 1417 1588 1212 1421 1693 1780 1935 1335 1365 1729 2000 1428 1551 1910 1795 1584 1353 1432 1887 1314 1925 1522 1013 1623 1123 1645 1744 1430 1729 1938 1142 1735 1693 1062 1020 1158 1471 1804 1538 BCNSPRNW ULIB Ver.6.0+V

เปลี่ยนเป็นภาษาไทย

Change to English
 แสดงรายละเอียดบรรณานุกรม
  กลับหน้าหลัก

Brief Record : Get Marc (ISO 2709) : E-mail record : QR code < ปิดหน้าต่าง
LEADER : 00000nam 2200000uu 4500
001    13399111882
003     ULIB
008    110627s2552||||th 000 0 tha d
020    9789744752192
090    นว.^bด969ค 2552
100 0  โดโรธี ฮาวเวล
245 00 คุณหนูยอดนักสืบ/^cโดโรธี ฮาวเวล
250    พิมพ์ครั้งที่ 1
260    กรุงเทพฯ :^bแพรวสำนักพิมพ์,^c2552
300    308 หน้า
945    ^p225^l0^i026027
995    ทศพร
999 ^a ใช้งานได้ทุกระบบ
รายการนี้ยังไม่มีแท็ก
คุณยังไม่ได้ล็อกอิน คุณสามารถมีกิจกรรมร่วมกับเว็บไซต์ได้ แต่ต้องล็อกอินก่อน ::
  ล็อกอิน

รายการสื่อสารสนเทศ

ลำดับที่ ประเภท เลขเรียก/บาร์โค้ด สถานที่ สถานะ
- ไม่พบข้อมูล -

BibComment


ยังไม่เคยถูกคอมเมนท์

คอมเมนท์ทรัพยากรรายการนี้
  คอมเมนท์: คุณหนูยอดนักสืบ โ..


 Copyright 2026. Bcnsprnw @Library